00973 2200325 4500001002100000005001500021035002000036007000300056008004100059020002200100040002200122082001400144084001600158090002000174090002100194100003500215245010400250250002800354650003500382700002700417850001200444041000800456264003800464336002100502337003000523338002300553999002100576300002900597990002100626INLIS00000000084481720191105100129 a0010-0319000340ta190325s2018 yoi b 1 ind  a978-602-5960-00-0 aYOPDYOGbinderda04223a808.3 a808.3 FAR s aDEP 808.3 FAR s aCB-D.11 2018-8900 aFarras Jauhari Mahfudepenulis1 aSekolah inspirasiku :b39 catatan sederhana Farras /cFarras Jauhari Mahfud; editor, Choirul Mahfud aCetakan I, Agustus 2018 4aBiografi (dalam bentuk sastra)0 aChoirul Mahfudeeditor aYOPDYOG0 aind31aYogyakarta :bSamudra Biru,c2018 2rdacontentateks 2rdamediaatanpa perantara 2rdacarrieravolume aCB-D.11/2018-890 axx, 145 halaman ;c20 cm aCB-D.11/2018-890